000 00780nam a2200229 a 4500
001 57399
003 BD-RjUL
005 20211209080514.0
008 161208s1977 hiua b 001 0 eng
020 _a0824804805
035 _a(BD-RjUL)57523
040 _aDLC
_cDLC
_dBD-RjUL
_beng
041 _aeng
082 0 0 _a338.9
_223
_bUNS 1977
245 0 4 _aThe Unsteady state :
_benvironmental problems, growth, and culture /
_cKenneth E. F. Watt ... [et al.].
260 _aHonolulu :
_bPublished for the East-West Center by the University Press of Hawaii,
_cc1977.
300 _axi, 287 p. :
_bill. ;
_c25 cm.
504 _aIncludes Bibliographical References and Index
650 _aEconomic development
_9170469
700 1 _aWatt, Kenneth E. F.,
_d1929-
_9170470
942 _2ddc
_cBK
999 _c57399
_d57399